=LDR 00000nam 2200000 4500 =001 INLIS000000000037735 =005 20130612143442 =008 ***********************************Ind** =035 ##$$0010-061300000037735 =041 ##$$a Ind =082 ##$$a 659.2 =090 ##$$a 659.2, Was s =100 ##$$a Wasesa, Silih Agung =245 ##$$a Strategi public relation, Silih Agung Wasesa =260 ##$$a 2010 $b Jakarta =300 ##$$a xxxviii, 414 hlm, 23 cm =650 ##$$a Hubungan masyarakat =850 ##$$a NBPNMAT =990 ##$$a 0001/BPAP-NTB/2015 =990 ##$$a 1137611376 =990 ##$$a 01201711376 =990 ##$$a 0001/BPAP-NTB/2015